Statistiques concernant Les Rois de France - QCM

Cliquez ici pour prendre le quiz!

Statistiques générales

  • Ce quiz a été pris 10 564 fois
    (9 842 depuis la dernière actualisation)
  • Le résultat moyen est 9 sur 16

Statistiques - réponses

QuestionRéponse% Correct
Qui est le premier roi de la France?Clovis Ier
89%
Quel roi a régné le plus longtemps?Louis XIV
88%
Qui fut le roi lors de la révolution de 1789Louis XVI
88%
Quel roi fut sacré empereur d'Occident par Léon III le 25 décembre 800?Charlemagne
83%
Quel roi fut le mécène de Léonard de Vinci?François Ier
80%
Après Louis, quel est le prénom le plus représenté?Charles
62%
Quel roi était déclaré inapte à régner parce-qu'il était protestant?Henri IV
59%
Qui hérita du royaume de Clovis à sa mort?Ses quatre fils
59%
Lequel de ces rois mourut à cause d'une maladie?Louis IX
54%
Les quatre rois suivant sont morts jeunes. Lequel a atteint ses 18 ans?Charles IX
43%
Quel roi eut le règne le plus court?Jean Ier
41%
Qui est le dernier monarque de France mort au pouvoir?Louis XVIII
39%
Qui était Louis XV par rapport à Louis XIV?Arrière petit-fils
34%
Combien de rois de France se sont succédé pendant la Guerre de Cent Ans?5
32%
Quel roi ne fait pas partie de la dynastie carolingienne?Robert II
32%
Quel roi fut surnommé le "Père du peuple"?Louis XII
27%

Distribution des résultats

Percentile par nombre de réponses

% des personnes avec chaque résultat

Votre développement - résultats

Vous n’avez pas pris ce quiz depuis la dernière actualisation